000 00258nam a2200097Ia 4500
001 708144
005 20250826162521.0
008 250824s9999 xx 000 0 und d
245 0 _aŞAHMERDAN
_cSAİT FAİK ABASIYANIK
260 _bTÜRKİYE İŞ BANKASI YAYINLARI
999 _c708144
_d708144